000 00422nam a2200169Ia 4500
001 18959
003 IN-NITTTR
005 20251114233219.0
008 251113s9999||||xx |||||||||||||| ||eng||
040 _beng
040 _cIN-NITTTR
041 _aeng
082 _a338.954 R116
100 _aSingh, Radha Raman
245 0 _aIndian economy :
_b planning and changing dimensions /
_cSingh, Radha Raman
942 _2ddc
_cBK
999 _c21593
_d21593